Welcome to CU Library Online Public Access Catalogue (OPAC)

ACCOUNTING FOR MANAGERS (Record no. 8789)

MARC details
000 -LEADER
fixed length control field 00437nam a2200193 4500
005 - DATE AND TIME OF LATEST TRANSACTION
control field 20260220094907.0
008 - FIXED-LENGTH DATA ELEMENTS--GENERAL INFORMATION
fixed length control field CUC123
020 ## - INTERNATIONAL STANDARD BOOK NUMBER
International Standard Book Number 9781844809127
050 ## - LIBRARY OF CONGRESS CALL NUMBER
Classification number HF 5657.4 ACC
Item number 1
100 ## - MAIN ENTRY--PERSONAL NAME
Personal name ANNE, ABRAHAM
245 ## - TITLE STATEMENT
Title ACCOUNTING FOR MANAGERS
250 ## - EDITION STATEMENT
Edition statement 4th
260 ## - PUBLICATION, DISTRIBUTION, ETC.
Place of publication, distribution, etc. AUSTRALIA
Name of publisher, distributor, etc. SOUTH WESTERN
Date of publication, distribution, etc. 2008c
300 ## - PHYSICAL DESCRIPTION
Extent xix,584p
500 ## - GENERAL NOTE
General note index,
700 ## - ADDED ENTRY--PERSONAL NAME
Personal name GLYNN, JOHN
700 ## - ADDED ENTRY--PERSONAL NAME
Personal name MURPHY, MICHAEL
942 ## - ADDED ENTRY ELEMENTS (KOHA)
Source of classification or shelving scheme Library of Congress Classification
Koha item type Books
Suppress in OPAC No
999 ## -
-- 8789
-- 8789
Holdings
Withdrawn status Lost status Source of classification or shelving scheme Damaged status Not for loan Collection Home library Current library Shelving location Date acquired Total checkouts Full call number Barcode Date last seen Copy number Price effective from Koha item type Public note
    Library of Congress Classification     Non-fiction Graduate Library (Christ Temple) Graduate Library (Christ Temple) General stacks 02/20/2026   HF 5657.4 ACC GSCT00002760 02/20/2026 1 02/20/2026 Books EAQ
    Library of Congress Classification     Non-fiction Graduate Library (Christ Temple) Graduate Library (Christ Temple) General stacks 02/20/2026   HF 5657.4 ACC GSCT00002761 02/20/2026 2 02/20/2026 Books EAQ
© 2023-2024 Copyright: Central University Libraries. All Rights Reserved | Created by: Mahone Tech Office